| 000 | 00873nam a22002295i 4500 | ||
|---|---|---|---|
| 001 | 176062 | ||
| 003 | ES-MaACL | ||
| 005 | 20230906215957.0 | ||
| 008 | 101214s1989 sp |||| | spa d | ||
| 020 | _a84-7719-145-X | ||
| 080 | _a347.63(460):341.96 | ||
| 080 | _a347.63(494):341.96 | ||
| 100 | 1 |
_aÁlvarez González, Santiago. _9144304 |
|
| 245 | 1 | 0 |
_aFiliación hispano-suiza _b: (sistemas de D.I.Pr. y relaciones concernientes a la emigración española) / _cSantiago Álvarez González. |
| 260 |
_aLeón : _bUniversidad de León, Secretariado de Publicaciones, _cD. L. 1989. |
||
| 300 |
_a312 p. ; _c21 cm. |
||
| 504 | _aBibliografía: p. 305-312. | ||
| 650 | 4 |
_aFiliación (Derecho internacional)- _zEspaña. _9144305 |
|
| 650 | 4 |
_aFiliación (Derecho internacional)- _zSuiza. _9144306 |
|
| 710 | 2 |
_aUniversidad de León. _97200 |
|
| 852 |
_aES-MaACL _jE-13798 |
||
| 999 |
_c176062 _d176062 |
||